Países Bons no Boxe - Statistics

Estatísticas Gerais
  • Esse quiz foi jogado 4 044 vezes
    3 288 desde o último reset
  • A pontuação média é 7 de 12
Estatísticas das Respostas
# Boxeadores País % Correto
55 Estados Unidos
99%
10 Rússia
87%
11 México
85%
12 Japão
71%
17 Reino Unido
69%
5 Austrália
59%
5 Cuba
56%
4 Ucrânia
47%
6 África do Sul
41%
4 Tailândia
39%
10 Filipinas
29%
4 Nicarágua
10%
Nenhum quiz correspondente encontrado
Distribuição das Pontuações
Porcentagem de Pessoas com Cada Pontuação
Percentil de Números Respondidos
Sua Pontuação Histórica
Você não jogou esse quiz desde o último reset